000 00357 a2200157 4500
001 71363
020 _a8516007634
040 _cAnchieta - Colégio São Paulo
100 _aRibeiro, Laís Carr
240 1 0 _aA estrela do viaduto
_lpor
245 1 0 _aA estrela do viaduto
300 _a22
362 0 _a2000
650 4 _aLiteratura infantil
942 _cBK
999 _c71363
_d71363